00817nam a2200181 a 450000100100000000500170001000800410002702000150006804000250008308200160010810000340012424500590015826002100021730000230042749000810045050400270053183000770055800002757920200930030934.0110401s2004 dr 000 0 spa d a9945000209 aDO-SdBNPbspacBNPHU axxxxbF363c1 aFernández Pichardo, Enrique10aCaptación de fondos /cEnrique Fernández Pichardo. aSanto Domingo :bAlianza ONG, Programa de Fortalecimiento de Capacidades de Organizaciones sin Fines de Lucro en Gestión, marketing y tecnologías de la Información :bW. K. Kellogg Foundation,c2004. ax, 56 p. ;c23 cm.1 aManuales para el fortalecimiento de Organizaciones sin Fines de Lucrovno. 3 aBibliografía : p. 56 0aManuales para el fortalecimiento de Organizaciones sin Fines de Lucrov3